| 000 | 01176nam a22003371a 4500 | ||
|---|---|---|---|
| 003 | EG-ScBUE | ||
| 005 | 20220803101636.0 | ||
| 008 | 150401r20152012enka f bd 000 0 eng d | ||
| 020 | _a9781908614377 | ||
| 040 |
_aEG-ScBUE _beng _erda _cEG-ScBUE _dEG-ScBUE |
||
| 082 | 0 | 4 |
_a428.24 _bSLA _222 |
| 100 | 1 |
_aSlaght, John‏, _eauthor. _937567 |
|
| 245 | 1 | 0 |
_aReading : _bcourse book / _cJohn Slaght. |
| 250 | _aNew edition. | ||
| 250 | _aReprinted edition. | ||
| 264 | 1 |
_aReading, UK : _bGarnet Publishing Ltd, _c2015. |
|
| 300 |
_a111 pages : _bcolor illustrations ; _c28 cm. |
||
| 336 |
_2rdacontent _atext _btxt |
||
| 337 |
_2rdamedia _aunmediated _bn |
||
| 338 |
_2rdacarrier _avolume _bnc |
||
| 490 | 0 | _aEnglish for academic study | |
| 500 | _aIncludes glossary. | ||
| 504 | _aIncludes bibliographical references. | ||
| 650 | 7 |
_aReading (Higher education) _xProblems, exercises, etc. _2BUEsh _93426 |
|
| 650 | 7 |
_aEnglish language _vTextbooks for foreign speakers. _2BUEsh |
|
| 650 | 7 |
_aEnglish language _xRhetoric _xProblems, exercises, etc. _2BUEsh |
|
| 651 | _2BUEsh | ||
| 653 |
_cApril2015 _bHHUUEENN |
||
| 655 |
_vReading book _934232 |
||
| 942 |
_2ddc _k428.24 SLA _cBB |
||
| 999 |
_c19149 _d19121 |
||